Online Catalogue and eLibrary

Egalaiva poomi (Record no. 6013)

MARC details
000 -LEADER
fixed length control field 00378nam a22001457a 4500
005 - DATE AND TIME OF LATEST TRANSACTION
control field 20250406061405.0
008 - FIXED-LENGTH DATA ELEMENTS--GENERAL INFORMATION
fixed length control field 250406b |||||||| |||| 00| 0 eng d
082 ## - DDC Classification
DDC Edition Number 22
Class No. 894
Item Number - Author Mark EKA
100 ## - MAIN ENTRY--PERSONAL NAME
Personal name shivasekaram, C
245 ## - TITLE STATEMENT
Title Egalaiva poomi
260 ## - PUBLICATION, DISTRIBUTION, ETC.
Place of publication, distribution, etc. Madras
Name of publisher, distributor, etc. South Asian Books
Date of publication, distribution, etc. 1995
300 ## - PHYSICAL DESCRIPTION
Extent (e.g. Volumes, Pages etc.) 55 p .,
500 ## - GENERAL NOTE
General note Kavithai patriyathum, kavithakal patriyathum
942 ## - Koha item type (Biblio)
Koha item type Books in Stacks (Lending)
Holdings
Lost status Damaged status Collection code Home library Current library Date acquired Full call number Accession Number Item type
    Lending WERC Library WERC Library 04/06/2025 894 EKA 4534 Books in Stacks (Lending)

© WERC Library